75 Years of Growth, Development and Productivity in India (Record no. 1715220)

MARC details
000 -LEADER
fixed length control field 00617 a2200205 4500
005 - DATE AND TIME OF LATEST TRANSACTION
control field 20260323125451.0
008 - FIXED-LENGTH DATA ELEMENTS--GENERAL INFORMATION
fixed length control field 260323b |||||||| |||| 00| 0 eng d
020 ## - INTERNATIONAL STANDARD BOOK NUMBER
International Standard Book Number 9789819780532
040 ## - CATALOGING SOURCE
Transcribing agency SDCL
041 ## - LANGUAGE CODE
Source of code eng
Language code of text/sound track or separate title eng
084 ## - COLON CLASSIFICATION NUMBER
Classification number X:77.2'P R5
245 ## - TITLE STATEMENT
Title 75 Years of Growth, Development and Productivity in India
260 ## - PUBLICATION, DISTRIBUTION, ETC.
Place of publication, distribution, etc. Singapore :
Name of publisher, distributor, etc. Springer Nature,
Date of publication, distribution, etc. 2025.
300 ## - PHYSICAL DESCRIPTION
Extent xxi, 774p.
490 ## - SERIES STATEMENT
Series statement India studies in business and economics
700 ## - ADDED ENTRY--PERSONAL NAME
Personal name Maiti, Dibyendu ed.
700 ## - ADDED ENTRY--PERSONAL NAME
Personal name Goldar, Bishwanath ed.
700 ## - ADDED ENTRY--PERSONAL NAME
Personal name Krishna, K. L. ed.
942 ## - ADDED ENTRY ELEMENTS (KOHA)
Koha item type Textual
Source of classification or shelving scheme Colon Classification (CC)
700 ## - ADDED ENTRY--PERSONAL NAME
-- 1137607
700 ## - ADDED ENTRY--PERSONAL NAME
-- 1137608
700 ## - ADDED ENTRY--PERSONAL NAME
-- 1137609
999 ## -
-- 1715220
-- 1715220
Holdings
Withdrawn status Lost status Source of classification or shelving scheme Damaged status Not for loan Home library Current library Date acquired Source of acquisition Cost, normal purchase price Inventory number Total checkouts Full call number Barcode Date last seen Cost, replacement price Price effective from Koha item type
    Colon Classification (CC)     South Campus Library South Campus Library 2026-03-14 30 14989.04 154 & 29/01/2026   X:77.2'P R5 SC1809608 2026-03-14 18736.29 2026-03-14 Textual
Copyright @ Delhi University Library System